书目信息 |
| 题名: |
当代英美电影鉴赏
|
|
| 作者: | 蔡东东 主编 | |
| 分册: | ||
| 出版信息: | 北京 外文出版社 2000 |
|
| 页数: | 416页 | |
| 开本: | 20cm | |
| 丛书名: | ||
| 单 册: | ||
| 中图分类: | J905.561 , J905.712 , H319.4 | |
| 科图分类: | ||
| 主题词: | 电影评论--英国--现代 , 电影评论--美国--现代 , 电影评论 , 英语 | |
| 电子资源: | ||
| ISBN: | 7-119-02711-5 | |
| 000 | 01015nam0 2200289 450 | |
| 001 | 1538052439 | |
| 005 | 20170927105733.42 | |
| 010 | @a7-119-02711-5@dCNY19.50 | |
| 100 | @a20010206d2000 em y0chiy0110 ea | |
| 101 | 0 | @achi@aeng@eeng |
| 102 | @aCN@b110000 | |
| 105 | @aa z 000yy | |
| 200 | 1 | @a当代英美电影鉴赏@9dang dai ying mei dian ying jian shang@f蔡东东主编 |
| 210 | @a北京@c外文出版社@d2000 | |
| 215 | @a416页@c照片@d20cm | |
| 330 | @a本书内容分三部分,第一部分一至三章,阐述当代英美电影的一般知识、英美电影的历史和特点;第二部分四至十四章,挑选了世界上具有广泛影响的31部影片作为读解素材;第三部分介绍了一些当代英美电影的著名导演和演员。 | |
| 510 | 1 | @aAppreciation of American & British Films@zeng |
| 606 | 0 | @a电影评论@y英国@z现代 |
| 606 | 0 | @a电影评论@y美国@z现代 |
| 606 | 0 | @a电影评论 |
| 606 | 0 | @a英语 |
| 690 | @aJ905.561@v5 | |
| 690 | @aJ905.712@v5 | |
| 690 | @aH319.4@v4 | |
| 701 | 0 | @a蔡东东@9cai dong dong@4主编 |
| 801 | 0 | @aCN@bTSSF@c20150203 |
| 905 | @aZUCC@dH319.4@eJY385 | |
| 当代英美电影鉴赏/蔡东东主编.-北京:外文出版社,2000 |
| 416页:照片;20cm |
| ISBN 7-119-02711-5:CNY19.50 |
| 本书内容分三部分,第一部分一至三章,阐述当代英美电影的一般知识、英美电影的历史和特点;第二部分四至十四章,挑选了世界上具有广泛影响的31部影片作为读解素材;第三部分介绍了一些当代英美电影的著名导演和演员。 |
| ● |
| 相关链接 |
|
|
|
|
正题名:当代英美电影鉴赏
索取号:H319.4/JY385
 
预约/预借
| 序号 | 登录号 | 条形码 | 馆藏地/架位号 | 状态 | 备注 |
| 1 | 7865325 | 278653253 | 学院路分馆/ [索取号:H319.4/JY385] | 在馆 |